Statistics for OECD Countries

Click here to take the quiz!

General Stats

  • This quiz has been taken 536 times
  • The average score is 30 of 34

Answer Stats

Country% Correct
United States
98%
Spain
97%
United Kingdom
97%
Canada
96%
France
95%
Sweden
95%
Finland
94%
Germany
94%
Italy
94%
Norway
94%
Belgium
93%
Denmark
93%
Portugal
93%
Australia
92%
Japan
92%
Netherlands
92%
Austria
91%
Ireland
89%
Poland
89%
Greece
88%
Switzerland
87%
Iceland
86%
New Zealand
86%
Mexico
84%
South Korea
83%
Hungary
82%
Luxembourg
82%
Estonia
80%
Slovakia
79%
Turkey
79%
Slovenia
78%
Czech Republic
76%
Israel
69%
Chile
62%

Score Distribution

Percentile by Number Answered

Percent of People with Each Score

Your Score History

You have not taken this quiz